000 00793nam a2200253Ia 4500
003 OSt
005 20220923223319.0
006 a|||||r|||| 00| 0
007 ta
008 220922b |||||||| |||| 00| 0 hin d
024 _a213,372
037 _cTextual
040 _aARTS
_cARTS
_bhin
041 _2hin
_ahin
082 _aO152,3N2914,CU, L7;M5
100 _aशरत्, सत्येन्द्र
245 0 _aक्लोज अप
246 _aKloj apa
260 _aनई दिल्ली
_b पुस्तकायन
_c1977
300 _a203पृ.
_ccm.
650 _aहिन्दी साहित्य
_9156264
942 _hO152,3N2914,CU, L7;M5
_cTEXL
_2CC
999 _c363624
_d363624